Henny penny / (Record no. 4782)
[ view plain ]
| 000 -LEADER | |
|---|---|
| fixed length control field | 00913nam a22003017a 4500 |
| 001 - CONTROL NUMBER | |
| control field | 4782 |
| 003 - CONTROL NUMBER IDENTIFIER | |
| control field | FISKH |
| 005 - DATE AND TIME OF LATEST TRANSACTION | |
| control field | 20251216145205.0 |
| 008 - FIXED-LENGTH DATA ELEMENTS--GENERAL INFORMATION | |
| fixed length control field | 241011b cb ||||| |||| 00| 0 eng d |
| 020 ## - INTERNATIONAL STANDARD BOOK NUMBER | |
| International Standard Book Number | 9780590423892 |
| 040 ## - CATALOGING SOURCE | |
| Original cataloging agency | FISKH |
| Language of cataloging | eng |
| Transcribing agency | FISKH |
| Modifying agency | FISKH |
| 050 ## - LIBRARY OF CONGRESS CALL NUMBER | |
| Classification number | PZ8.C433 |
| 082 ## - DEWEY DECIMAL CLASSIFICATION NUMBER | |
| Classification number | 398.24528617 |
| 100 ## - MAIN ENTRY--PERSONAL NAME | |
| Personal name | Zimmermann, H.Werner |
| Dates associated with a name | (1951-) |
| 245 ## - TITLE STATEMENT | |
| Title | Henny penny / |
| Statement of responsibility, etc. | H. Werner Zimmermann |
| 250 ## - EDITION STATEMENT | |
| Edition statement | 1989 |
| 260 ## - PUBLICATION, DISTRIBUTION, ETC. | |
| Place of publication, distribution, etc. | New York : |
| Name of publisher, distributor, etc. | Scholastic, |
| Date of publication, distribution, etc. | 1989. |
| 300 ## - PHYSICAL DESCRIPTION | |
| Extent | 28 pages : |
| Other physical details | Color illustrations ; |
| Dimensions | 26 cm |
| 505 ## - FORMATTED CONTENTS NOTE | |
| Formatted contents note | P<br/> |
| 520 ## - SUMMARY, ETC. | |
| Summary, etc. | Henny Penny and her friends are on their way to tell the king that the sky is falling when they meet a hungry fox. |
| 521 8# - TARGET AUDIENCE NOTE | |
| Target audience note | 610L<br/> |
| Source | Lexile<br/> |
| 521 8# - TARGET AUDIENCE NOTE | |
| Target audience note | P<br/> |
| Source | Raz-Plus<br/> |
| 650 ## - SUBJECT ADDED ENTRY--TOPICAL TERM | |
| Source of heading or term | Chickens |
| Topical term or geographic name entry element | Big book |
| Form subdivision | Picture book |
| 650 ## - SUBJECT ADDED ENTRY--TOPICAL TERM | |
| Source of heading or term | Folktale |
| Topical term or geographic name entry element | Birds |
| 700 ## - ADDED ENTRY--PERSONAL NAME | |
| Personal name | Zimmermann, H.Werner |
| Dates associated with a name | illustator |
| 942 ## - ADDED ENTRY ELEMENTS (KOHA) | |
| Source of classification or shelving scheme | Dewey Decimal Classification |
| Koha item type | Books |
| Suppress in OPAC | No |
| Withdrawn status | Lost status | Source of classification or shelving scheme | Damaged status | Not for loan | Collection | Home library | Current library | Shelving location | Date acquired | Total Checkouts | Full call number | Barcode | Date last seen | Date last checked out | Copy number | Price effective from | Koha item type |
|---|---|---|---|---|---|---|---|---|---|---|---|---|---|---|---|---|---|
| Dewey Decimal Classification | Juvenile Fiction | Footprints International School Library Network Toul Kork Campus | Footprints International School Library Network Toul Kork Campus | TK Primary Library Room(4th Floor), Bookcase 3&4, Shelves 17-32, Yellow Books | 10/11/2024 | 2 | ZIM 398.24528617 PZ8.C433 | 2024-2134 | 12/19/2025 | 08/29/2025 | 1 | 10/11/2024 | Books |
